Linux essentials

Introduces the fundamentals of the operating system, covering such topics as how to manage hardware, use file management tools and commands, install and control programs, use scripts to automate tasks, and archive data -- Source other than Library of Congress.

Sparad:
Bibliografiska uppgifter
Huvudupphovsman: Smith, Roderick W.
Övriga upphovsmän: 1906-1998., 1970-
Materialtyp: Bok
Språk:English
Publicerad: Indianapolis, IN Wiley 2012.
Ämnen:
Taggar: Lägg till en tagg
Inga taggar, Lägg till första taggen!
Thư viện lưu trữ: Mạng thư viện Đại học Đà Nẵng
LEADER 01360nam a2200349 4500
001 000024473
003 20961
005 20161212081224.0
008 161212s2012 engsd
020 |a 1118106792 (pbk.)  |a 9781118106792 (pbk.) 
041 0 |a eng 
082 1 4 |a 005.432  |b SM-R 
100 1 |a Smith, Roderick W.  |q (Laura Ann) 
245 1 0 |a Linux essentials  |c Roderick W. Smith. 
260 |a Indianapolis, IN  |b Wiley  |c 2012. 
300 |a xxiii, 344 p.  |b col. ill.  |c 24 cm. 
500 |a Includes index. 
520 3 |a Introduces the fundamentals of the operating system, covering such topics as how to manage hardware, use file management tools and commands, install and control programs, use scripts to automate tasks, and archive data -- Source other than Library of Congress. 
650 0 |a Operating systems (Computers) 
653 |a Linux. 
700 1 |d 1906-1998. 
700 1 |d 1970- 
OWN |a LSP 
AVA |a UDN50  |b LSP  |d 005.432 SM-R  |e available  |t Error 5001 Not defined in file expand_doc_bib_avail.  |f 2  |g 0  |h N  |i 0  |k 1 
999 |a From the UDN01 
AVA |a UDN50  |b LSP  |d 005.432 SM-R  |e available  |t Error 5001 Not defined in file expand_doc_bib_avail.  |f 2  |g 0  |h N  |i 0  |k 1 
TYP |a Monograph 
TYP |a Printed language 
980 |a Mạng thư viện Đại học Đà Nẵng